[Event "Niederbayernliga 1314"]
[Site "Bayern"]
[Date "2014.??.??"]
[Round "8"]
[White "Swierzy, David"]
[Black "Denk, Tobias"]
[Result "0-1"]
[WhiteElo "1661"]
[BlackElo "1766"]
[PlyCount "78"]
[EventDate "2013.10.13"]
[EventType "team-tourn"]
[EventRounds "9"]
[EventCountry "GER"]
[SourceTitle "EXT 2023"]
[Source "ChessBase"]
[SourceDate "2022.10.05"]
[SourceVersion "1"]
[SourceVersionDate "2022.10.05"]
[SourceQuality "1"]
[WhiteTeam "Straubing SC"]
[BlackTeam "Ergolding"]
[WhiteTeamCountry "GER"]
[BlackTeamCountry "GER"]

1. f4 Nf6 2. Nf3 d6 3. e3 c5 4. b3 g6 5. Bb2 Bg7 6. Bd3 Nc6 7. 0-0 Nb4 8. Be2 0-0 9. Nc3 Bf5 10. d3 Nfd5 11. Qd2 Nxe3 12. Qxe3 Nxc2 13. Qc1 Nxa1 14. Qxa1 d5 15. Na4 Bxb2 16. Qxb2 Qd6 17. Nh4 Bd7 18. Nc3 Rae8 19. Qd2 f6 20. d4 Bc6 21. Rf3 e5 22. fxe5 fxe5 23. dxe5 Qxe5 24. Rxf8+ Rxf8 25. Nf3 Qf5 26. Nb5 a6 27. Bd3 Qg4 28. Ne5 Qe6 29. Nxc6 axb5 30. Na7 c4 31. bxc4 dxc4 32. Be2 Qb6+ 33. Kh1 Qxa7 34. Qd5+ Rf7 35. Qxb5 Qf2 36. Qe8+ Kg7 37. Qe5+ Qf6 38. Qxf6+ Kxf6 39. Bxc4 Rc7 0-1

[Event "Niederbayernliga 1112"]
[Site "Bayern"]
[Date "2012.??.??"]
[Round "8"]
[White "Denk, Tobias"]
[Black "Dick, Andreas"]
[Result "1/2-1/2"]
[WhiteElo "1823"]
[BlackElo "1847"]
[PlyCount "22"]
[EventDate "2011.10.??"]
[EventType "team-tourn"]
[EventRounds "9"]
[EventCountry "GER"]
[SourceTitle "EXT 2023"]
[Source "ChessBase"]
[SourceDate "2022.10.05"]
[SourceVersion "1"]
[SourceVersionDate "2022.10.05"]
[SourceQuality "1"]
[WhiteTeam "Ergolding"]
[BlackTeam "Bayerwald Regen"]
[WhiteTeamCountry "GER"]
[BlackTeamCountry "GER"]

1. c4 e6 2. Nc3 d5 3. cxd5 exd5 4. d4 Nf6 5. g3 c6 6. Bg2 Bf5 7. Nf3 Nbd7 8. 0-0 Bd6 9. e3 0-0 10. Bd2 Re8 11. Nh4 Bd3 1/2-1/2

[Event "Niederbayernliga 0809"]
[Site "Germany"]
[Date "2009.02.01"]
[Round "6.5"]
[White "Berger, Stefan2222"]
[Black "Denk, Tobias"]
[Result "0-1"]
[WhiteElo "1869"]
[BlackElo "1733"]
[PlyCount "42"]
[EventDate "2008.10.05"]
[EventType "team-tourn"]
[EventRounds "9"]
[EventCountry "GER"]
[SourceTitle "EXT 2010"]
[Source "ChessBase"]
[SourceDate "2010.11.25"]
[SourceVersion "1"]
[SourceVersionDate "2010.11.25"]
[SourceQuality "1"]
[WhiteTeam "Simbach"]
[BlackTeam "Ergolding"]
[WhiteTeamCountry "GER"]
[BlackTeamCountry "GER"]

1. d4 Nf6 2. c4 g6 3. Nc3 Bg7 4. e4 d6 5. f3 0-0 6. Be3 e5 7. Nge2 Nc6 8. d5 Ne7 9. Qd2 Ne8 10. g4 f5 11. gxf5 gxf5 12. Bg5 Nf6 13. 0-0-0 fxe4 14. fxe4 Ng4 15. Rg1 Nxh2 16. Bh6 Ng6 17. Bxg7 Kxg7 18. Bg2 Rf2 19. Qe3 Qh4 20. Ng3 Ng4 21. Qd3 Nf4 0-1